L'année 2005 en sport - Statistiques

Statistiques générales
  • Ce quiz a été pris 99 fois
  • Le résultat moyen est 10 sur 15
Statistiques - réponses
Hint Réponse % Correct
Nation remportant le plus de médailles aux championnats du monde d'escrime France
96%
Footballeur français de 22 ans prénommé Franck arrivant à l'OM en provenance de Galatasaray Franck Ribery
92%
Capitale du nord de l'Europe accueillant les championnats du monde d'athlétisme Helsinki
88%
Marque française, champion du monde des constructeurs en formule 1 Renault
88%
Milieu de terrain anglais de Chelsea, meilleur passeur du championnat d'Angleterre de football de la saison 2004-2005 Frank Lampard
87%
Club ayant perdu en finale de la ligue des champions de football après avoir mené 3-0 à la mi-temps contre Liverpool Milan AC
80%
Marque japonaise de la moto de Valentino Rossi, champion du monde de moto GP Yamaha
74%
Nation remportant le championnat du monde de handball masculin Espagne
68%
Pays d'origine d'Haile Gebrselassie, vainqueur du marathon d'Amsterdam Ethiopie
65%
Couleurs du stade toulousain, vainqueur de sa 3ème coupe d'Europe de rugby Rouge et noir
64%
Tenniswoman belge remportant son deuxième Rolland-Garros Justine Henin
62%
Basketteur des San Antonio Spurs élu MVP des finales NBA Tim Duncan
55%
Athlète français champion du monde du 110 mètres haies Ladji Doucouré
40%
Musicien britannique de 62 ans ayant assuré le show de la mi-temps du Super Bowl Paul McCartney
25%
Française championne du monde de natation synchronisée en solo Virginie Dedieu
7%
Aucun quiz correspondant
Distribution des résultats
% des personnes avec chaque résultat
Percentile par nombre de réponses
Votre historique - résultats
Vous n’avez pas pris ce quiz